000 00608nam a2200241Ia 4500
003 OSt
005 20220924153609.0
006 a|||||r|||| 00| 0
007 ta
008 220923b |||||||| |||| 00| 0 tam d
024 _a350905
037 _cTextual
040 _aARTS
_cARTS
_btam
041 _2tam
_atam
082 _aP31(T), 31N8
100 _aMuthukumaran S Au.
_9229330
245 0 _aMakkal vazhvu malarattum
260 _c1998
650 _a TAMIL LANGUAGE
650 _aEDUCATION
942 _hP31(T), 31N8
_cTEXL
_2CC
999 _c474187
_d474187